| 000 | 00691nam a2200217Ii 4500 | ||
|---|---|---|---|
| 003 | JO-AjNU | ||
| 005 | 20240114093753.0 | ||
| 008 | 230605s9999||||xx |||||||||||||| ||und|| | ||
| 040 |
_aJO-AjNU _bara _erda _cJO-AjNU |
||
| 041 | _aara | ||
| 050 | 1 | 4 | _aBP135.A12.B8688.1971 |
| 100 | 3 |
_aMuhammad Muhsin Khan, _eauthor _956511 |
|
| 245 | 0 | 0 | _aصحيح البخاري = The Granslation of the Meaninga of Sahih Al Bukhari ، الجزء 7 |
| 264 | 3 | 1 | _aد،م: د،ن، 1971 |
| 300 | _aج7، 551ص | ||
| 336 |
_atext _btxt _2rdacontent |
||
| 337 |
_aunmediated _bn _2rdamedia |
||
| 338 |
_avolume _bnc _2rdacarrier |
||
| 650 | 4 |
_aصحيح البخاري -- الحديث _956512 |
|
| 942 |
_2lcc _cREF |
||
| 999 |
_c28836 _d28836 |
||